Welcome to the official Sarawak Skills Library system. If you are a new user, please contact our librarian to register.

Professional Writing:The Complete Guide For Business, Industry And It (Record no. 10109)

MARC details
000 -LEADER
fixed length control field 00450nam a2200157Ia 4500
008 - FIXED-LENGTH DATA ELEMENTS--GENERAL INFORMATION
fixed length control field 241127s9999||||xx |||||||||||||| ||und||
020 ## - INTERNATIONAL STANDARD BOOK NUMBER
International Standard Book Number 9781403904188
Terms of availability 99.999.9
040 ## - CATALOGING SOURCE
Language of cataloging eng
Transcribing agency SSK Library
Description conventions rda
082 ## - DEWEY DECIMAL CLASSIFICATION NUMBER
Classification number 808.066/MAR
003 - CONTROL NUMBER IDENTIFIER
control field OSt
005 - DATE AND TIME OF LATEST TRANSACTION
control field 20241127152823.0
100 ## - MAIN ENTRY--PERSONAL NAME
Personal name Sky Marsen -
245 #0 - TITLE STATEMENT
Title Professional Writing:The Complete Guide For Business, Industry And It
260 ## - PUBLICATION, DISTRIBUTION, ETC.
Name of publisher, distributor, etc. Palgrave Macmillan
Date of publication, distribution, etc. ©2003
942 ## - ADDED ENTRY ELEMENTS (KOHA)
Source of classification or shelving scheme
Koha item type Book
Suppress in OPAC
Holdings
Withdrawn status Lost status Damaged status Not for loan Home library Current library Date acquired Total checkouts Full call number Barcode Date last seen Copy number Price effective from Koha item type
        Sarawak Skills Kuching Library Sarawak Skills Kuching Library 11/27/2024   808.066/MAR 1002320 11/27/2024 1 11/27/2024 Book